| 000 | 00383nam a22001577a 4500 | ||
|---|---|---|---|
| 020 | _a81-87834-06-4 | ||
| 082 |
_a823 _bAAR/M |
||
| 100 | _aNARI, ABRAR | ||
| 245 |
_aMISCHIEVOUS HANUMAN _bSHORT STORY |
||
| 246 |
_aMISCHIEVOUS HANUMAN _bSHORT STORY |
||
| 260 |
_aCHENNAI _bSEASONS PUBLISHING |
||
| 300 | _a124 | ||
| 520 | _aRELIGIOUS STORY | ||
| 650 | _aRELIGIOUS STORY | ||
| 942 | _cBK | ||
| 999 |
_c3879 _d3879 |
||